| 000 | 005320000a22002050004500 | ||
|---|---|---|---|
| 003 | LK-CoMWRAF | ||
| 005 | 20230927121140.0 | ||
| 008 | 230817t ||||| |||| 00| 0 eng d | ||
| 020 | _a0852243588 | ||
| 040 |
_aLK-CoMWRAF _dLK-CoMWRAF _eLK-CoMWRAF |
||
| 041 | _aeng | ||
| 082 |
_a181.07 _bWAT |
||
| 100 | _aWatt, W.M. | ||
| 245 | _aIslamic Philosophy and Theology | ||
| 260 |
_aEdinburgh : _bEdinburgh University press, _c1962 |
||
| 300 | _a196p | ||
| 650 | _aIslam | ||
| 650 | _a Islam -- Doctrines -- History | ||
| 942 | _cBK | ||
| 999 |
_c1517 _d1517 |
||